Enhancing job opportunities : (Record no. 3543)
[ view plain ]
| 000 -LEADER | |
|---|---|
| fixed length control field | 01342cam a22003494a 4500 |
| 001 - CONTROL NUMBER | |
| control field | 14124731 |
| 003 - CONTROL NUMBER IDENTIFIER | |
| control field | GZU |
| 005 - DATE AND TIME OF LATEST TRANSACTION | |
| control field | 20201202102837.0 |
| 008 - FIXED-LENGTH DATA ELEMENTS--GENERAL INFORMATION | |
| fixed length control field | 050929s2005 dcua b 001 0 eng |
| 010 ## - LIBRARY OF CONGRESS CONTROL NUMBER | |
| LC control number | 2005044730 |
| 020 ## - INTERNATIONAL STANDARD BOOK NUMBER | |
| International Standard Book Number | 0821361953 |
| 020 ## - INTERNATIONAL STANDARD BOOK NUMBER | |
| International Standard Book Number | 9780821361955 |
| 035 ## - SYSTEM CONTROL NUMBER | |
| System control number | (OCoLC)ocm62084406 |
| 040 ## - CATALOGING SOURCE | |
| Original cataloging agency | DLC |
| Transcribing agency | DLC |
| Modifying agency | YDX |
| -- | BAKER |
| -- | IXA |
| -- | DLC |
| 042 ## - AUTHENTICATION CODE | |
| Authentication code | pcc |
| 043 ## - GEOGRAPHIC AREA CODE | |
| Geographic area code | ee----- |
| -- | e-ur--- |
| 050 00 - LIBRARY OF CONGRESS CALL NUMBER | |
| Classification number | HD 5764. |
| Item number | RUT 2005 |
| 082 00 - DEWEY DECIMAL CLASSIFICATION NUMBER | |
| Classification number | 331.12/0420947 |
| Edition number | 22 |
| 100 1# - MAIN ENTRY--PERSONAL NAME | |
| Personal name | Rutkowski, Jan J., |
| Dates associated with a name | 1954- |
| 245 10 - TITLE STATEMENT | |
| Title | Enhancing job opportunities : |
| Remainder of title | Eastern Europe and the former Soviet Union / |
| Statement of responsibility, etc. | Jan J. Rutkowski, and Stefano Scarpetta ; with arup Banerji ... [et al.]. |
| 260 ## - PUBLICATION, DISTRIBUTION, ETC. | |
| Place of publication, distribution, etc. | Washington, DC : |
| Name of publisher, distributor, etc. | World Bank, |
| Date of publication, distribution, etc. | c2005. |
| 300 ## - PHYSICAL DESCRIPTION | |
| Extent | xx, 269 p. : |
| Other physical details | ill. ; |
| Dimensions | 26 cm. |
| 504 ## - BIBLIOGRAPHY, ETC. NOTE | |
| Bibliography, etc. note | Includes bibliographical references (p. 243-257) and index. |
| 650 #0 - SUBJECT ADDED ENTRY--TOPICAL TERM | |
| Topical term or geographic name entry element | Job creation |
| Geographic subdivision | Europe, Eastern. |
| 650 #0 - SUBJECT ADDED ENTRY--TOPICAL TERM | |
| Topical term or geographic name entry element | Job creation |
| Geographic subdivision | Former Soviet republics. |
| 650 #0 - SUBJECT ADDED ENTRY--TOPICAL TERM | |
| Topical term or geographic name entry element | Labor market |
| Geographic subdivision | Europe, Eastern. |
| 650 #0 - SUBJECT ADDED ENTRY--TOPICAL TERM | |
| Topical term or geographic name entry element | Labor market |
| Geographic subdivision | Former Soviet republics. |
| 700 1# - ADDED ENTRY--PERSONAL NAME | |
| Personal name | Scarpetta, Stefano. |
| 906 ## - LOCAL DATA ELEMENT F, LDF (RLIN) | |
| a | 7 |
| b | cbc |
| c | orignew |
| d | 1 |
| e | ocip |
| f | 20 |
| g | y-gencatlg |
| 942 ## - ADDED ENTRY ELEMENTS (KOHA) | |
| Source of classification or shelving scheme | Library of Congress Classification |
| Koha item type | Books |
| Classification part | 5764 |
| Item part | RUT |
| Call number prefix | HD |
| Withdrawn status | Lost status | Damaged status | Not for loan | Collection code | Home library | Current library | Shelving location | Date acquired | Total Checkouts | Full call number | Barcode | Date last seen | Copy number | Price effective from | Koha item type | Inventory number |
|---|---|---|---|---|---|---|---|---|---|---|---|---|---|---|---|---|
| Non-fiction | City Campus Library | City Campus Library | General Stacks | 12/02/2020 | HD 5764 RUT 2005 | 004401 | 12/02/2020 | c. 1 | 12/02/2020 | Books | ||||||
| Non-fiction | Mashava Campus Library | Mashava Campus Library | General Stacks | 05/04/2021 | HD 5764 RUT 2005 | B017230 | 05/04/2021 | c-2 | 05/04/2021 | Books | 5382 |